[Event "40th Olympiad Open"]
[Site "Istanbul TUR"]
[Date "2012.09.09"]
[Round "11.65"]
[White "Bobadilla,Yelso"]
[Black "Bonsu,Kwadwo Owusu Bempa"]
[Result "1/2-1/2"]
[WhiteElo "1874"]
[BlackElo "1952"]

1.e4 d5 2.exd5 Qxd5 3.Nc3 Qd8 4.Bc4 Nf6 5.d4 e6 6.a3 Be7 7.Be3 O-O 8.Nf3 c6
9.O-O Nbd7 10.Ne5 Nb6 11.Bd3 Nbd5 12.Nxd5 exd5 13.c3 Ne4 14.Qc2 f5 15.Rae1 Bf6
16.f4 Bh4 17.Re2 Be6 18.Rf3 Bf7 19.Nxf7 Rxf7 20.Rh3 Qe7 21.c4 Bf6 22.Qb3 Rd8
23.Rc2 Kh8 24.cxd5 cxd5 25.Qa4 a6 26.Rc1 h6 27.Qd1 Rd6 28.Qh5 Qe6 29.Be2 Be7
30.g4 Qg6 31.Rc8+ Kh7 32.Kf1 Qxh5 33.Rxh5 g6 34.Rh3 g5 35.gxf5 gxf4 36.Bc1 Rxf5
37.Rc7 Rf7 38.Rf3 Rdf6 39.Rxb7 Ng5 40.Rc3 f3 41.Bd3+ Kg7 42.Rcc7 Bd8 43.Bxg5 hxg5
44.Rxf7+ Rxf7 45.Rxf7+ Kxf7 46.Bxa6 Bf6 47.Bb7 Bxd4 48.Bxd5+ Ke7 49.b4 f2
50.h3 Kd6 51.Bg2 Bb2 52.a4 Ba3 53.b5 Kc5 54.Bf3 Kb4 55.Bd1 Ka5 56.Kxf2 Bc1
57.Kf3 Bd2 58.Ke4 Bc1 59.Kf5 Bd2 60.Ke5 Kb6 61.Kd5 Be1 62.Be2 Bd2 63.Ke4  1/2-1/2

[Event "3rd Oliver Gonzalez Mem Open A"]
[Site "Madrid ESP"]
[Date "2012.09.09"]
[Round "9.16"]
[White "Gallardo Garcia,A"]
[Black "Vazquez Quiroga,M"]
[Result "1/2-1/2"]
[WhiteElo "2339"]
[BlackElo "2163"]

1.e4 d5 2.exd5 Qxd5 3.Nc3 Qd6 4.d4 Nf6 5.Nf3 a6 6.g3 b5 7.Bf4 Qb6 8.Bg2 Bb7
9.O-O e6 10.a4 Bb4 11.Qe2 Bxc3 12.bxc3 O-O 13.Rfb1 Nd5 14.Bd2 Qc6 15.axb5 axb5
16.Rxa8 Bxa8 17.Qxb5 Qxb5 18.Rxb5 Nd7 19.c4 N5b6 20.c5 Nd5 21.c4 N5f6 22.Bf4 Rc8
23.Ra5 Be4 24.Ra7 Ne8 25.Nd2 Bxg2 26.Kxg2 Ndf6 27.h3 h6 28.g4 g5 29.Be5 Kh7
30.c6 Ng8 31.Ne4 Ne7 32.Ra6 Kg6 33.f3 f6 34.Bg3 Rd8 35.Bf2 f5 36.Nc5 Rd6
37.gxf5+ Nxf5 38.Nb7 Rxd4 39.Bxd4 Nxd4 40.Kf2 e5 41.Ke3 Nf5+ 42.Ke4 Kf6 43.Ra8 Neg7
44.Rf8+ Ke6 45.Nd8+ Ke7 46.Rxf5 Nxf5 47.Kxf5 Kxd8 48.Kf6 Ke8 49.Ke6 Kd8 50.Kf7 h5
51.Kf6 g4 52.fxg4 hxg4 53.hxg4 e4 54.g5 Ke8 55.g6 Kf8 56.g7+ Kg8 57.Ke7 e3
58.Kd7 e2 59.Kxc7 e1=Q 60.Kc8 Qe4 61.c7 Qxc4 62.Kb8 Qb5+ 63.Ka7 Qc6 64.Kb8 Qd6
65.Kb7 Qd7 66.Kb8 Qb5+ 67.Ka7 Qc6 68.Kb8 Qb6+ 69.Kc8 Kxg7 70.Kd7 Qd4+ 71.Kc8 Kf7
72.Kb8 Qb6+ 73.Ka8 Qxc7  1/2-1/2

[Event "9th LGA Premium Cup"]
[Site "Nuernberg GER"]
[Date "2012.09.09"]
[Round "7.43"]
[White "Bartsch,B"]
[Black "Shiomi,R"]
[Result "1-0"]
[WhiteElo "2249"]
[BlackElo "2122"]

1.e4 d5 2.exd5 Qxd5 3.Nc3 Qd6 4.d4 Nf6 5.Nf3 a6 6.g3 Bg4 7.Bg2 Nc6 8.Bf4 Qe6+
9.Ne2 O-O-O 10.c3 h6 11.Qd2 g5 12.Be3 Bg7 13.h3 Ne4 14.Qc2 Bf5 15.g4 Bg6
16.Qb3 Qd7 17.O-O-O f6 18.d5 Nb8 19.Nd2 f5 20.Nxe4 fxe4 21.Ng3 Qd6 22.Bxe4 Nd7
23.Nf5 Bxf5 24.Bxf5 Kb8 25.h4 Bf6 26.hxg5 Bxg5 27.Rhe1 Bxe3+ 28.Rxe3 Qf4
29.Rd2 h5 30.Qb4 Qxb4 31.cxb4 Nf6 32.g5 Nxd5 33.Red3 c6 34.Be6 h4 35.g6 Rh6
36.Bf7 h3 37.Rd1 h2 38.Rh1 Rc8 39.Rg3 Nf6 40.Rg2 c5 41.b5 Rch8 42.bxa6 bxa6
43.g7 R8h7 44.g8=Q+ Nxg8 45.Rxg8+ Kc7 46.Bg6 Rh8 47.Rxh8 Rxh8 48.Kd2 Kd6
49.Ke3 e5 50.b3 Kc6 51.Bd3 a5 52.a4 Rh6 53.f3 Kd6 54.Kf2 Kd5 55.Ke3 Ke6 56.Be4 Rh8
57.Bd3 Kf6 58.Kf2 Kg5 59.Kg3 Rd8 60.Bc4 Rd4 61.Rxh2 Rd1 62.Rh8 Rc1 63.Rc8 Rg1+
64.Kf2 Rc1 65.Ke3 Kf5 66.Kd2  1-0

[Event "6th Hum na Sutli Open"]
[Site "Hum na Sutli CRO"]
[Date "2012.09.10"]
[Round "4.5"]
[White "Cupic,L"]
[Black "Borsos,B"]
[Result "0-1"]
[WhiteElo "2096"]
[BlackElo "2269"]

1.e4 d5 2.exd5 Qxd5 3.Nc3 Qd6 4.d4 Nf6 5.Nb5 Qd8 6.c4 a6 7.Nc3 c5 8.d5 g6
9.Be3 Nbd7 10.g3 Bg7 11.h3 O-O 12.Bg2 b5 13.Nge2 bxc4 14.O-O Rb8 15.Na4 Bb7
16.Nec3 Qa5 17.b3 Ne8 18.Rc1 cxb3 19.axb3 Nd6 20.Qg4 Bc8 21.Qd1 Qb4 22.Na2 Qxb3
23.Qxb3 Rxb3 24.Nxc5 Rb2 25.Nxd7 Bxd7 26.Nc3 Rc8 27.Nd1 Rxc1 28.Bxc1 Rb1
29.Bd2 Bb5 30.Re1 Nc4 31.h4  0-1

[Event "3rd Livigno Open A"]
[Site "Livigno ITA"]
[Date "2012.09.12"]
[Round "4.16"]
[White "Zhou,Y"]
[Black "Betori,A"]
[Result "1-0"]
[WhiteElo "2414"]
[BlackElo "2043"]

1.e4 d5 2.exd5 Qxd5 3.Nc3 Qd6 4.d4 Nf6 5.Nf3 a6 6.Bd3 Nc6 7.h3 Nb4 8.O-O Nxd3
9.Qxd3 g6 10.Ne4 Nxe4 11.Qxe4 Bg7 12.Bf4 Qe6 13.Qd3 Qf5 14.Qd2 c6 15.Rfe1 Qd5
16.Bh6 O-O 17.Rxe7 Be6 18.Re1 Rae8 19.R1xe6  1-0

[Event "6th Hum na Sutli Open"]
[Site "Hum na Sutli CRO"]
[Date "2012.09.13"]
[Round "7.9"]
[White "Struklec,Milan"]
[Black "Okhotnik,V"]
[Result "0-1"]
[WhiteElo "1796"]
[BlackElo "2446"]

1.e4 d5 2.exd5 Qxd5 3.Nc3 Qd8 4.Bc4 Nf6 5.h3 a6 6.a3 b5 7.Be2 e5 8.Bf3 c6
9.d3 Bd6 10.Nge2 O-O 11.O-O Bb7 12.Bg5 Nbd7 13.d4 Qc7 14.Qc1 Rfe8 15.Bxf6 Nxf6
16.dxe5 Bxe5 17.Nd1 c5 18.Bxb7 Qxb7 19.Ne3 Rad8 20.Rd1 Rxd1+ 21.Qxd1 Bxb2
22.Ra2 Be5 23.c4 b4 24.Qb3 a5 25.f4 Bc7 26.axb4 axb4 27.Nd5 Nxd5 28.cxd5 Qb5
29.Qf3 c4 30.Kh2 c3 31.Nd4 Qc4 32.Re2 Rxe2 33.Nxe2 g6 34.g3 c2  0-1

[Event "3rd Livigno Open A"]
[Site "Livigno ITA"]
[Date "2012.09.14"]
[Round "6.23"]
[White "Arnetta,MariaT"]
[Black "Betori,A"]
[Result "1-0"]
[WhiteElo "2031"]
[BlackElo "2043"]

1.e4 d5 2.exd5 Qxd5 3.Nc3 Qd6 4.d4 Nf6 5.Nf3 a6 6.a3 Nc6 7.d5 Ne5 8.Be2 Bg4
9.O-O Bxf3 10.Bxf3 O-O-O 11.Bf4 g5 12.Bxg5 Nxf3+ 13.Qxf3 Nxd5 14.Rad1 c6
15.Nxd5 cxd5 16.Qc3+ Kd7 17.Qxh8 Bh6 18.Qxh7 Bxg5 19.Qf5+  1-0

[Event "TCh-HUN 2012-13"]
[Site "Mako HUN"]
[Date "2012.09.16"]
[Round "1"]
[White "Bagi,M"]
[Black "Szalai,K"]
[Result "1/2-1/2"]
[WhiteElo "2334"]
[BlackElo "2407"]

1.e4 d5 2.exd5 Qxd5 3.Nc3 Qd6 4.d4 Nf6 5.Nf3 a6 6.g3 Bg4 7.Bg2 e6 8.h3 Bxf3
9.Qxf3 c6 10.Be3 Qb4 11.O-O Nbd7 12.Rab1 Be7 13.a3 Qa5 14.b4 Qc7 15.Ne4 Nxe4
16.Qxe4 Nf6 17.Qf3 Nd5 18.Bd2 Bf6 19.c4 Nb6 20.Qd3 O-O 21.Be3 Rad8 22.Rfd1 Rd7
23.Rbc1 Rfd8  1/2-1/2

[Event "TCh-SRB Prem 2012"]
[Site "Valjevo SRB"]
[Date "2012.09.17"]
[Round "1.3"]
[White "Kovacevic,A"]
[Black "Milanovic,Da"]
[Result "1/2-1/2"]
[WhiteElo "2549"]
[BlackElo "2480"]

1.e4 d5 2.exd5 Qxd5 3.Nc3 Qd6 4.d4 Nf6 5.Nf3 c6 6.Ne5 Nbd7 7.Nc4 Qc7 8.Qf3 Nb6
9.Bf4 Qd7 10.O-O-O Qg4 11.Qxg4 Bxg4 12.f3 Bd7 13.Ne5 Be6 14.Ne4 Nxe4 15.fxe4 f6
16.Nf3 O-O-O 17.b3 Bf7 18.Bd3 e6 19.Kb2 Be7 20.Rhf1 Bh5 21.Be3 Rd7 22.a4 Rhd8
23.h3 Na8 24.c3 Nc7 25.Bc2 Kb8 26.b4 Bg6 27.Bf4 Bd6 28.Rde1 b6 29.Rf2 Kb7
30.Ree2 a6 31.Bb3 Re7 32.Nd2 b5 33.Nc4 Ka7 34.Na5 Kb6 35.Nc4+ Ka7 36.Na5 Kb6
37.Nc4+  1/2-1/2

[Event "TCh-SRB Prem 2012"]
[Site "Valjevo SRB"]
[Date "2012.09.18"]
[Round "2.2"]
[White "Stankovic,Milo"]
[Black "Savic,Miod1"]
[Result "1/2-1/2"]
[WhiteElo "2359"]
[BlackElo "2531"]

1.e4 d5 2.exd5 Qxd5 3.Nc3 Qd6 4.g3 Nf6 5.Bg2 c6 6.Nge2 g6 7.O-O Bg7 8.Rb1 a5
9.a3 O-O 10.b4 axb4 11.axb4 Bf5 12.b5 Nbd7 13.d3 Nd5 14.Ne4 Qc7 15.bxc6 bxc6
16.Bb2 Bxb2 17.Rxb2 Bxe4 18.Bxe4 Qe5 19.Rb1 Ra2 20.Re1 Qf6 21.d4 Rfa8 22.Rb3 R2a4
23.Qd3 Qd6 24.c4 N5f6 25.c5 Qc7 26.Nc3 Ra1 27.Rbb1 Rxb1 28.Rxb1 Ra3 29.Bg2 e5
30.Qc4 Qa5 31.Ne2 Ra1 32.Qc1 Rxb1 33.Qxb1 exd4 34.Nxd4 Qxc5 35.Nxc6 Kg7 36.Qb2 h5
37.h4 Qd6 38.Qd4 Qe6 39.Bf3 Kh7 40.Kg2 Kg7 41.Nd8 Qe7 42.Nc6 Qc5 43.Qxc5 Nxc5
44.Ne5 Kf8 45.Kf1 Ke7 46.Ke2 Ke6 47.Nd3 Nxd3  1/2-1/2

[Event "TCh-SRB Prem w 2012"]
[Site "Valjevo SRB"]
[Date "2012.09.18"]
[Round "2.1"]
[White "Laketic,M"]
[Black "Benderac,A"]
[Result "1-0"]
[WhiteElo "2089"]
[BlackElo "2266"]

1.e4 d5 2.exd5 Qxd5 3.Nc3 Qd8 4.d4 c6 5.h3 g6 6.Nf3 Bg7 7.a4 Nf6 8.Bc4 O-O
9.O-O a5 10.Re1 Na6 11.Bg5 Nb4 12.Qe2 h6 13.Bf4 g5 14.Be5 Bf5 15.Rac1 e6
16.Nd1 Nbd5 17.Bxd5 exd5 18.Ne3 Be6 19.b3 Ne4 20.Bxg7 Kxg7 21.c4 Nf6 22.Qd3 Nh5
23.cxd5 Nf4 24.Qb1 Nxd5 25.Nxd5 Bxd5 26.Ne5 Re8 27.Re3 Qd6 28.Rce1 Re6 29.Nxf7 Kxf7
30.Qh7+ Ke8 31.Qg8+ Qf8 32.Rxe6+ Bxe6 33.Qxe6+ Kd8 34.d5 cxd5 35.Qxd5+ Kc7
36.Rc1+ Kb8 37.Qe5+ Ka7 38.Qxa5+ Kb8 39.Qc7+  1-0

[Event "DYTM KL Open 2012"]
[Site "Kuala Lumpur MAS"]
[Date "2012.09.19"]
[Round "3.1"]
[White "Nguyen Anh Dung"]
[Black "Tiviakov,S"]
[Result "1/2-1/2"]
[WhiteElo "2455"]
[BlackElo "2674"]

1.e4 d5 2.exd5 Qxd5 3.Nc3 Qd6 4.d4 Nf6 5.Nf3 c6 6.Ne5 Be6 7.Bf4 Qd8 8.Be2 g6
9.O-O Bg7 10.Qd2 Nbd7 11.Rad1 O-O 12.h3 Re8 13.Rfe1 Nb6 14.a3 Qc8 15.Bf3 a5
16.a4 Nbd5 17.Nxd5 Bxd5 18.c4 Bxf3 19.Nxf3 b6 20.b3 Ra7 21.Ne5 Nd7 22.d5 cxd5
23.Qxd5 e6 24.Qb5 Nxe5 25.Bxe5 Bxe5 26.Rxe5 Rd8 27.Ree1 Qc7 28.Qg5 Rd7 29.Qf6 Ra8
30.Rxd7 Qxd7 31.Re3 Rd8 32.Rf3 Qd2 33.Kh2 Qd6+ 34.g3 Rd7 35.h4 h5 36.Kg2 Qc6
37.Kh2 Qc5 38.Kg2 Qc6  1/2-1/2

[Event "DYTM KL Open 2012"]
[Site "Kuala Lumpur MAS"]
[Date "2012.09.19"]
[Round "3.11"]
[White "Ram,Aravind"]
[Black "Vakhidov,J"]
[Result "1/2-1/2"]
[WhiteElo "1919"]
[BlackElo "2412"]

1.e4 d5 2.exd5 Qxd5 3.Nc3 Qd6 4.Be2 g6 5.Nf3 Bg7 6.d4 Nf6 7.O-O O-O 8.Nb5 Qd8
9.c4 Na6 10.Bf4 c5 11.d5 Ne4 12.Qb1 Nd6 13.Nc3 Bg4 14.Bxd6 exd6 15.h3 Bd7
16.Qc1 Re8 17.Re1 f5 18.Qf4 Qf6 19.a3 h6 20.h4 Re7 21.Bd3 Rae8 22.Qd2 Rxe1+
23.Rxe1 Rxe1+ 24.Qxe1 g5 25.g3 Kf8 26.Qe3 f4 27.gxf4 g4 28.Nh2 h5 29.Ne4 Qxh4
30.f5 Qe7 31.Qf4 Be5 32.Qh6+ Qg7 33.Qxh5 Bxb2 34.Qh4 g3 35.Nxg3 Bf6 36.Qe4 Qe7
37.Qf4 Qe5 38.Qf3 Qa1+ 39.Kg2 Nc7 40.Ng4 Ne8 41.Ne4 Qd4  1/2-1/2

[Event "TCh-SRB Prem 2012"]
[Site "Valjevo SRB"]
[Date "2012.09.19"]
[Round "3.2"]
[White "Keserovic,M"]
[Black "Saric,S"]
[Result "1/2-1/2"]
[WhiteElo "2201"]
[BlackElo "2418"]

1.e4 d5 2.exd5 Qxd5 3.Nc3 Qd6 4.d4 Nf6 5.Nf3 c6 6.Ne5 Nbd7 7.Bf4 Nd5 8.Qd2 Nxf4
9.Qxf4 f6 10.Nd3 Qxf4 11.Nxf4 e5 12.dxe5 Nxe5 13.O-O-O Bf5 14.Nd3 Bd6 15.Nxe5 Bxe5
16.Bc4 Rd8 17.Ne2 Ke7 18.f4 Rxd1+ 19.Rxd1 Bd6 20.g3 Bg4 21.Re1 Kd7 22.Nd4 Re8
23.Rxe8 Kxe8 24.Kd2 Ke7 25.Ke3 Bc5 26.Ke4 g6 27.c3 Bh3 28.a3 Bg2+ 29.Ke3 a6
30.h4 Ba7 31.a4 b5 32.axb5 axb5 33.Bg8 h6 34.b4 Kd6 35.Bf7 g5 36.Kd3 gxf4
37.gxf4 Bf1+ 38.Ke4 Bxd4 39.Kxd4  1/2-1/2

[Event "TCh-SRB Prem 2012"]
[Site "Valjevo SRB"]
[Date "2012.09.21"]
[Round "5.1"]
[White "Pap,M"]
[Black "Savic,Miod1"]
[Result "1/2-1/2"]
[WhiteElo "2513"]
[BlackElo "2531"]

1.e4 d5 2.exd5 Qxd5 3.Nc3 Qd6 4.d4 Nf6 5.Nf3 c6 6.Ne5 Nbd7 7.Bf4 Nxe5 8.Bxe5 Qd8
9.Bc4 Nd7 10.Qf3 e6 11.O-O Nxe5 12.dxe5 Qd4 13.Qe2 Be7 14.Rad1 Qc5 15.Kh1 b5
16.Bb3 O-O 17.f4 a5 18.Ne4 Qb6 19.c3 a4 20.Bc2 g6 21.Qg4 Rd8 22.Nf6+ Bxf6
23.exf6 Rd5 24.Be4 Rxd1 25.Rxd1 Ba6 26.h3 Rd8 27.Bxc6 h5 28.Qe2 Kh7 29.Be4 Kh6
30.Rxd8 Qxd8 31.g4 Kh7 32.g5 Kg8 33.Qd3 Qc7 34.Bxg6 a3 35.bxa3 Bb7+ 36.Be4 Bxe4+
37.Qxe4 Qxc3 38.Qa8+ Kh7 39.Qe4+ Kg8 40.Kg2 Qxa3 41.Qf3 Qxa2+ 42.Kg3 b4 43.Qb7 Qb3+
44.Kh4 Qc4 45.Qb8+ Kh7 46.Kxh5 Qe2+ 47.Kh4 Qf2+ 48.Kg4 Qg2+ 49.Kh4 Qf2+ 50.Kg4 Qg2+
51.Kh4 Qf2+  1/2-1/2

[Event "TCh-SRB Prem w 2012"]
[Site "Valjevo SRB"]
[Date "2012.09.24"]
[Round "8.4"]
[White "Laketic,M"]
[Black "Tadic,Ka"]
[Result "1-0"]
[WhiteElo "2089"]
[BlackElo "2065"]

1.e4 d5 2.exd5 Qxd5 3.Nc3 Qd6 4.d4 Nf6 5.Nb5 Qd8 6.c4 c6 7.Nc3 Bf5 8.h3 e6
9.Nf3 Bb4 10.Qb3 Qa5 11.Bd2 O-O 12.a3 Bxc3 13.Bxc3 Qb6 14.Qxb6 axb6 15.O-O-O Ne4
16.Be1 b5 17.Nh4 bxc4 18.Nxf5 exf5 19.Bxc4 Rd8 20.f3 Nf6 21.Bh4 Ra4 22.b3 Rxa3
23.Kb2 Ra7 24.d5 cxd5 25.Rhe1 Nbd7 26.Bxd5 Rda8 27.Bc4 Nb6 28.Bxf6 Nxc4+
29.bxc4 Ra2+ 30.Kc3 gxf6 31.Rb1 R8a7 32.Re8+ Kg7 33.Rb2 R2a3+ 34.Kc2 R3a4
35.Rc8 Ra1 36.Rc7 R1a2 37.Rxb7 Rxb7 38.Rxa2 Kf8 39.Ra5 f4 40.Rf5 Ke7 41.Rxf4 Ra7
42.Kb2 Rd7 43.Re4+ Kd8 44.Kc3 Kc7 45.Rf4 Kc6 46.Rxf6+ Kc5 47.Rf5+ Kc6 48.Rh5 f6
49.Rh6 Rf7 50.g4 Kc5 51.Rh5+ Kc6 52.Rf5  1-0

[Event "TCh-SRB Prem 2012"]
[Site "Valjevo SRB"]
[Date "2012.09.24"]
[Round "8.1"]
[White "Radovanovic,Nik"]
[Black "Saric,S"]
[Result "0-1"]
[WhiteElo "2179"]
[BlackElo "2418"]

1.e4 d5 2.exd5 Qxd5 3.Nc3 Qd6 4.d4 Nf6 5.Nf3 c6 6.Ne5 Nbd7 7.Nc4 Qc7 8.a4 g6
9.Qf3 Bg7 10.Bf4 Qd8 11.Bd3 O-O 12.h3 Nb6 13.Be5 Be6 14.Ne3 Nbd7 15.Bxf6 Bxf6
16.Ne2 c5 17.d5 Ne5 18.Qe4 Bd7 19.O-O Nxd3 20.Qxd3 Qc7 21.Nc3 Rfd8 22.Rfd1 Be8
23.Qc4 Rac8 24.d6 Rxd6 25.Ned5 Qc6 26.Nb5 Rxd5 27.Rxd5 Qb6 28.Rad1 a6 29.Nc3 e6
30.R5d3 Qxb2 31.Ne4 b5 32.Nxf6+ Qxf6 33.Qe4 Bc6 34.Qe3 Bd5 35.axb5 axb5 36.Ra3 b4
37.Ra5 c4 38.Rb5 b3 39.cxb3 cxb3 40.Rb6 Qc3 41.Rxd5 exd5 42.Rxb3 Qxe3 43.fxe3 Kg7
44.Rb6 Re8 45.Rd6 Re5 46.Kf2 Kf8 47.g4 Ke7 48.Ra6 h5 49.Kf3 hxg4+ 50.hxg4 Re6
51.Ra7+ Kf6 52.Rd7 Re5 53.Ra7 Re7 54.Ra4 Rc7 55.Rf4+ Kg5 56.Rd4 Rc5 57.Rf4 f6
58.Kg3 Rc4 59.Rf1 Rxg4+ 60.Kf3 d4 61.exd4 Rf4+  0-1

[Event "30th Balaton Open"]
[Site "Heviz HUN"]
[Date "2012.09.25"]
[Round "3.13"]
[White "Szalanczy,E"]
[Black "Marjanovics,G"]
[Result "1/2-1/2"]
[WhiteElo "2237"]
[BlackElo "2125"]

1.e4 d5 2.exd5 Qxd5 3.Nc3 Qd6 4.d4 Nf6 5.Nf3 c6 6.Ne5 Nbd7 7.Nc4 Qc7 8.Bd3 Nb6
9.Ne5 Nbd5 10.O-O g6 11.Qf3 Be6 12.Ne4 Nxe4 13.Bxe4 Nf6 14.Bd3 Bg7 15.c3 O-O
16.Bf4 Qd8 17.Rfe1 Nh5 18.Bd2 Nf6 19.b3 Nd7 20.Ng4 Bxg4 21.Qxg4 e5 22.Bg5 Bf6
23.h4 exd4 24.Rad1 Re8 25.cxd4 Bxg5 26.hxg5 Nf8 27.Bc4 Qd7 28.Qf4 Ne6 29.Qf6 Nc7
30.Re3 Rxe3 31.fxe3 Re8 32.Rf1 Nd5 33.Bxd5 cxd5 34.Rf3 Re4 35.Kf2 Qe7 36.a4 Re6
37.Qxe7 Rxe7 38.Rf6 Rd7 39.Kf3 Kf8 40.Kf4 Ke8 41.a5 Rc7 42.Rd6 Rc2 43.b4 Rf2+
44.Kg3 Rf5 45.a6 Rxg5+ 46.Kf2 Rf5+ 47.Kg1 bxa6 48.Rxa6 h5 49.b5 Kd8 50.Rxa7 Kc8
51.Ra6 Kb7 52.Rd6 Kc7 53.Rc6+ Kb7 54.Kh2 Ka7 55.Kh3 Kb7 56.Kh4 Ka7 57.Kg3 Kb7
58.Kh2 Ka7 59.Kg1 Kb7 60.Ra6 Kb8 61.Kh2 Kb7 62.Kg3 Kb8 63.Rd6 Kc7 64.Rc6+ Kb7
65.Kh4 Ka7 66.b6+ Kb7 67.Rd6 Ka6 68.g4 hxg4 69.Kxg4 Kb7 70.Kg3 Ka6 71.Kg4 Kb7
72.Kg3 Ka6 73.Kg2 Kb7 74.Kg3 Ka6 75.Kg2 Kb7 76.Kg3 Ka6 77.Kg2 Kb7 78.Kg3 Ka6
79.Kg2  1/2-1/2

[Event "21st TCh-CRO 1b 2012"]
[Site "Sibenik CRO"]
[Date "2012.09.25"]
[Round "3.4"]
[White "Ciganovic,N"]
[Black "Bender,I"]
[Result "1/2-1/2"]
[WhiteElo "2293"]
[BlackElo "2287"]

1.e4 d5 2.exd5 Qxd5 3.Nc3 Qd6 4.d4 Nf6 5.Nf3 c6 6.g3 Bg4 7.Bg2 e6 8.O-O Be7
9.h3 Bxf3 10.Bxf3 O-O 11.Bf4 Qd8 12.Na4 Nd5 13.Bd2 Nd7 14.c4 N5b6 15.Ba5 Qb8
16.Qb3 Bd8 17.Rfd1 Nxa4 18.Qxa4 Bxa5 19.Qxa5 Nf6 20.Rd3 Rd8 21.Rad1 Rd7 22.b4 Qd8
23.Qe5 Qb6 24.b5 cxb5 25.Rb3 a6 26.a4 Qc7 27.Qxc7 Rxc7 28.axb5 axb5 29.c5 Rd8
30.Rxb5 Nd5 31.Rdb1 Rdd7 32.Bxd5 exd5 33.c6 Rxc6 34.Rxb7 Rxb7 35.Rxb7 Kf8
36.Rd7 Rc4 37.Rxd5 Ke7 38.Kg2 f6 39.Kf3 Ke6 40.Rd8 Ke7 41.Rd5 Ke6 42.Ke4 Rc2
43.Rc5 Rxf2 44.Rc7 g5 45.Rxh7 f5+ 46.Ke3 Ra2 47.h4 Ra3+ 48.Kf2 Ra2+  1/2-1/2

[Event "TCh-SRB Prem w 2012"]
[Site "Valjevo SRB"]
[Date "2012.09.25"]
[Round "9.4"]
[White "Milosevic,Milica"]
[Black "Vojinovic,J"]
[Result "0-1"]
[WhiteElo "1665"]
[BlackElo "2331"]

1.e4 d5 2.exd5 Qxd5 3.Nc3 Qd8 4.d4 Nf6 5.Nf3 a6 6.Be2 Nbd7 7.O-O b5 8.a3 Bb7
9.Re1 e6 10.Ne5 Nxe5 11.dxe5 Qxd1 12.Rxd1 Nd7 13.f4 Bc5+ 14.Kf1 h6 15.Rd3 g5
16.g3 O-O-O 17.Be3 gxf4 18.gxf4 Be7 19.Bf2 Nc5 20.Rxd8+ Rxd8 21.Bh5 Rf8 22.Ke2 f6
23.Bh4 Bd8 24.Rf1 fxe5 25.Bxd8 Kxd8 26.fxe5 Rxf1 27.Kxf1 Nd7 28.Kf2 Nxe5
29.b3 Ke7 30.Kg3 Kf6 31.Kf4 Nd7 32.Kg4 Ke5 33.Bg6 Kd4 34.Ne2+ Ke3 35.Nf4 Ne5+
36.Kg3 Nxg6 37.Nxg6 Kd4 38.Kf4 Bd5 39.Ne5 Kc3 40.Nf7 h5 41.h4 c5 42.Ke3 Kxc2
43.b4 cxb4 44.axb4 Kc3 45.Ne5 Kxb4  0-1

[Event "30th Balaton Open"]
[Site "Heviz HUN"]
[Date "2012.09.26"]
[Round "4.12"]
[White "Kosztolanczi,G"]
[Black "Stifter,Ewald"]
[Result "0-1"]
[WhiteElo "2130"]
[BlackElo "2001"]

1.e4 d5 2.exd5 Qxd5 3.Nc3 Qd6 4.d4 Nf6 5.Nf3 g6 6.Bc4 Bg7 7.Ne5 O-O 8.Bf4 Nh5
9.Nb5 Qb6 10.Be3 c6 11.Nc3 Qxb2 12.Na4 Qb4+ 13.c3 Qd6 14.Bb3 Nd7 15.f4 b5
16.Nb2 a5 17.a3 Nb6 18.O-O Nd5 19.Qd2 Nhf6 20.Bc2 Nxe3 21.Qxe3 Nd5 22.Qf3 f6
23.c4 fxe5 24.cxd5 Rxf4 25.Qg3 cxd5 26.Rxf4 exf4 27.Qf2 Bd7 28.Nd3 Bf5 29.Re1 Be4
30.Ne5 Bxe5 31.dxe5 Qxe5 32.Qc5 Qd6 33.Qxd6 exd6 34.Bxe4 dxe4 35.Rxe4 Kf7
36.Rxf4+ Ke6 37.Rh4 Ra7 38.Kf2 Kd5 39.Ke3 Kc5 40.Kd3 d5 41.Rf4 b4 42.Kc2 bxa3
43.Ra4 Kb5 44.Rxa3 a4 45.Rd3 Kc4 46.Rc3+ Kd4 47.Rd3+ Ke4 48.Ra3 Rc7+ 49.Kd2 Rc4
50.Rh3 h5 51.Rg3 Kf5 52.Rd3 Ke5 53.Re3+ Re4 54.Ra3 Kd6 55.h3 g5 56.Rc3 Rc4
57.Rf3 g4 58.Rf6+ Kc5 59.h4 g3 60.Rg6 Rxh4 61.Rxg3 Rg4 62.Rc3+ Kb4  0-1

[Event "21st TCh-CRO 1b 2012"]
[Site "Sibenik CRO"]
[Date "2012.09.26"]
[Round "4.1"]
[White "Ciganovic,N"]
[Black "Jukic,Zd"]
[Result "1-0"]
[WhiteElo "2293"]
[BlackElo "2294"]

1.e4 d5 2.exd5 Qxd5 3.Nc3 Qd8 4.d4 Nf6 5.Nf3 Bf5 6.Bc4 e6 7.Ne5 Nbd7 8.Qf3 Qc8
9.Nxd7 Nxd7 10.Bf4 c6 11.O-O-O Nb6 12.Bb3 Qd7 13.g4 Bg6 14.d5 cxd5 15.Nxd5 exd5
16.Bxd5 Nxd5 17.Rxd5 Qc6 18.Re1+ Be7 19.Rxe7+ Kxe7 20.Qa3+ Ke8 21.Re5+ Qe6
22.Rxe6+ fxe6 23.Qd6 Kf7 24.Qd7+ Kf6 25.h4 h6 26.Bd6 Rhe8 27.f4  1-0

[Event "21st TCh-CRO 1b 2012"]
[Site "Sibenik CRO"]
[Date "2012.09.27"]
[Round "5.3"]
[White "Grozdanic,V"]
[Black "Separovic,T"]
[Result "1/2-1/2"]
[WhiteElo "2094"]
[BlackElo "2219"]

1.e4 d5 2.Nc3 dxe4 3.Nxe4 Qd5 4.Nc3 Qd6 5.Nf3 Nf6 6.h3 a6 7.d4 e6 8.Be3 b5
9.Bd3 Bb7 10.a3 Nbd7 11.Qe2 c5 12.dxc5 Nxc5 13.Bxc5 Qxc5 14.Ne4 Bxe4 15.Bxe4 Nxe4
16.Qxe4 Rd8 17.O-O Be7 18.Rad1 O-O 19.c3 Bf6 20.a4 h6  1/2-1/2

[Event "21st TCh-CRO 1a 2012"]
[Site "Sibenik CRO"]
[Date "2012.09.27"]
[Round "5.54"]
[White "Stevic,H"]
[Black "Plenkovic,Z"]
[Result "1-0"]
[WhiteElo "2615"]
[BlackElo "2387"]

1.e4 d5 2.exd5 Qxd5 3.Nc3 Qd6 4.d4 g6 5.Nf3 Bg7 6.Bc4 Nf6 7.O-O O-O 8.h3 a6
9.a4 Nc6 10.b3 Rd8 11.Ba3 Qf4 12.Qe2 e6 13.Rad1 Bd7 14.Bc1 Qd6 15.Bg5 Qb4
16.Ne4 Nxe4 17.Qxe4 Re8 18.Qh4 b5 19.axb5 axb5 20.Bd2 Qe7 21.Bxb5 Qxh4 22.Nxh4 Reb8
23.Ba4 Be8 24.c3 Na5 25.Bxe8 Rxe8 26.Rb1 Reb8 27.b4 Nc4 28.Bf4 Ra3 29.Rfc1 Rb5
30.Nf3 c6 31.Ra1 Rxa1 32.Rxa1 h6 33.Ra6 Nb6 34.Bc7 Nd5 35.Rxc6  1-0

[Event "TCh-SRB Prem w 2012"]
[Site "Valjevo SRB"]
[Date "2012.09.27"]
[Round "11.1"]
[White "Szczepkowska Horowska,K"]
[Black "Bojkovic,N"]
[Result "1/2-1/2"]
[WhiteElo "2375"]
[BlackElo "2392"]

1.e4 d5 2.exd5 Qxd5 3.Nc3 Qd6 4.d4 Nf6 5.Bc4 g6 6.Nge2 Bg7 7.O-O O-O 8.Bf4 Qd8
9.Qd2 Nbd7 10.Bb3 c6 11.Rfe1 Nb6 12.Rad1 Nbd5 13.Be5 Nxc3 14.Nxc3 Bg4 15.f3  1/2-1/2

[Event "Baku Open 2012"]
[Site "Baku AZE"]
[Date "2012.09.28"]
[Round "7.17"]
[White "Khukhashvili,S"]
[Black "Mirzoev,A"]
[Result "0-1"]
[WhiteElo "2396"]
[BlackElo "2565"]

1.e4 d5 2.exd5 Qxd5 3.Nc3 Qd6 4.d4 c6 5.Nf3 Nf6 6.h3 Bf5 7.Bd3 Bxd3 8.Qxd3 Nbd7
9.O-O e6 10.Ne4 Nxe4 11.Qxe4 Be7 12.c3 O-O 13.Bg5 Bxg5 14.Nxg5 Nf6 15.Qh4 Qc7
16.Rfe1 Rad8 17.Re3 h6 18.Ne4 Nd5 19.Rg3 Kh8 20.Re1 Rfe8 21.Nc5 Ne7 22.Rf3 Nf5
23.Qe4 Kg8 24.Nd3 Qa5 25.a3 Qb5 26.Qf4 Re7 27.Qe5 Qxe5 28.Rxe5 Rc7 29.g4 Nh4
30.Rg3 b6 31.b4 g5 32.Re1 Kg7 33.Rge3 Ng6 34.Kg2 Ra8 35.Kg3 a5 36.Rc1 axb4
37.axb4 Ra2 38.Rb1 b5 39.Rb2 Ra1 40.Re1 Rca7 41.Rbb1 R1a2 42.Ne5 Nf4 43.Re3 Rc2
44.Nxc6 Rc7 45.Ne5 R2xc3 46.Rd1 Rc2 47.h4 Ne2+ 48.Kf3 Nc3 49.Rh1 Nd5 50.Rb3 R2c3+
51.Rxc3 Rxc3+ 52.Ke2 gxh4 53.Rxh4 Nxb4  0-1

[Event "30th Balaton Open"]
[Site "Heviz HUN"]
[Date "2012.09.28"]
[Round "6.10"]
[White "Babits,A"]
[Black "Stifter,Ewald"]
[Result "1-0"]
[WhiteElo "2120"]
[BlackElo "2001"]

1.e4 d5 2.exd5 Qxd5 3.Nc3 Qd6 4.Bc4 Nf6 5.Nge2 c6 6.d4 Bg4 7.f3 Bf5 8.Bf4 Qb4
9.Bb3 e6 10.Qd2 Nbd7 11.g4 Bg6 12.Bc7 Nb6 13.O-O-O Nfd5 14.Bg3 Nxc3 15.Nxc3 O-O-O
16.a3 Qa5 17.Ne4 Qxd2+ 18.Rxd2 Be7 19.h4 h5 20.g5 Nd5 21.Re1 Rhe8 22.Nf2 Bd6
23.Bxd6 Rxd6 24.Ne4 Rdd8 25.c3 Ne7 26.Ng3 Nf5 27.Nxf5 Bxf5 28.Bc2 Bxc2 29.Kxc2 g6
30.c4 Re7 31.Kc3 Red7 32.b4 b5 33.cxb5 cxb5 34.Re5 Rd5 35.Rxd5 Rxd5 36.Kd3 Kd7
37.Ke4 Kd6 38.f4 a6 39.Rc2 Kd7 40.Rc3 f5+ 41.gxf6 Rf5 42.Rc5 Rxf6 43.a4 bxa4
44.Ra5 Rf5 45.Rxa6 Rb5 46.Rxa4 Kd6 47.Ra5 Rxb4 48.Rg5 Rb1 49.Rxg6 Rh1 50.Rh6 Rxh4
51.d5 Rh1 52.dxe6  1-0

[Event "21st TCh-CRO 1b 2012"]
[Site "Sibenik CRO"]
[Date "2012.09.28"]
[Round "6.1"]
[White "Mrdja,M"]
[Black "Filipovic,Br"]
[Result "1-0"]
[WhiteElo "2347"]
[BlackElo "2390"]

1.e4 d5 2.exd5 Qxd5 3.Nc3 Qd6 4.d4 Nf6 5.Nge2 Bf5 6.Bf4 Qb6 7.Na4 Qa5+ 8.c3 c6
9.Ng3 Bg6 10.Qb3 b5 11.Nc5 e6 12.Nd3 Nbd7 13.Be2 Be7 14.O-O O-O 15.a4 Nd5
16.Bd2 Qb6 17.axb5 cxb5 18.Nf4 Nxf4 19.Bxf4 a6 20.Bf3 Rac8 21.Rfe1 Bd3 22.Qd1 Bg6
23.Be3 Nf6 24.d5 Bc5 25.dxe6 fxe6 26.Bxc5 Rxc5 27.Qd4 Rd8 28.Qe3 Rd7 29.Qxe6+ Qxe6
30.Rxe6 Rd2 31.Re2 Rd6 32.h3 h6 33.Re3 b4 34.cxb4 Rb5 35.Ra4 Rdb6 36.Re2 Rxb4
37.Rxb4 Rxb4 38.Rd2  1-0

[Event "Baku Open 2012"]
[Site "Baku AZE"]
[Date "2012.09.29"]
[Round "8.22"]
[White "Khukhashvili,S"]
[Black "Heydarli,K"]
[Result "1/2-1/2"]
[WhiteElo "2396"]
[BlackElo "2309"]

1.e4 d5 2.exd5 Qxd5 3.Nc3 Qd6 4.d4 Nf6 5.Bd3 Nc6 6.Nge2 e5 7.Be3 Nxd4 8.Nxd4 exd4
9.Bxd4 c6 10.Be2 Be7 11.Qd2 Be6 12.O-O-O O-O 13.Be3 Qb4  1/2-1/2